000 01255pam a2200349 i 4500
001 020386519
003 EG-ScBUE
005 20260208100436.0
008 210902t2023 enkab f b 001 0 eng d
020 _a9781350283510
040 _aStDuBDS
_beng
_erda
_cStDuBDS
_dUk
_dEG-ScBUE
082 0 4 _a307.760285
_222
_bDEG
100 1 _aDegen, Monica Montserrat,
_eauthor.
245 1 4 _aThe new urban aesthetic :
_bdigital experiences of urban change /
_cMónica Montserrat Degen and Gillian Rose.
264 1 _aLondon ;
_aNew York, NY :
_bBloomsbury Visual Arts,
_c[2023]
264 4 _c©2023
300 _axii, 177 pages :
_billustrations (black and white), 1 map (black and white) ;
_c24 cm
336 _atext
_2rdacontent
_btxt
336 _astill image
_2rdacontent
_btxt
336 _acartographic image
_2rdacontent
_btxt
337 _aunmediated
_2rdamedia
_bn
338 _avolume
_2rdacarrier
_bnc
504 _aIncludes bibliographical references and index.
650 7 _aSmart cities.
_2BUEsh
650 7 _aTechnology
_xSocial aspects.
_2BUEsh
650 7 _aCity and town life.
_2BUEsh
653 _cFebruary2026
_bENGARC
655 _vReading book
700 1 _aRose, Gillian,
_d1962-
_eauthor.
942 _2ddc
_cBB
999 _c31083
_d31054